| 000 | 00485nam a22001577a 4500 | ||
|---|---|---|---|
| 005 | 20260205115909.0 | ||
| 008 | 260205b |||||||| |||| 00| 0 eng d | ||
| 020 | _a978-81-203-5112-7 | ||
| 050 | _aBF 441 .A93 2015 | ||
| 100 | _aAWAD, ELIAS M. | ||
| 245 | _aTHE STUPIDITY OF INTELLIGENCE: WHAT HAPPENED TO COMMON SENSE. | ||
| 260 |
_aDELHI, _bPHI LEARNING PRIVATE LIMITED _c2015 |
||
| 300 | _axi, 194 P ,ILL | ||
| 650 | _a1. INTELLIGENCE 2. THOUGHT AND THINKING | ||
| 942 |
_2lcc _cBK |
||
| 999 |
_c216558 _d216558 |
||